000 00428nam a2200181Ia 4500
001 3290
005 20260306145632.0
008 260306t2001||||xx |||||||||||||| ||spa||
041 _aESP
082 _a264.36
_bR27
100 _aRatzinger, Joseph
_eAUT
245 0 _aLa eclesiologĂ­a de la lumen gentium
260 _c2001
300 _a38 páginas :
_c18 cm.
650 _aGEN
654 _aCHU
942 _cLIB
_dJUS
_fJUS
_2ddc
_n
999 _c3290
_d3290